La sintaxis de los relacionantes supraoracionales

Uloženo v:
Podrobná bibliografie
Hlavní autor: Fuentes Rodríguez, Catalina (Autor)
Médium: Kniha
Jazyk:španělština
Vydáno: Madrid Arco Libros 1996
Edice:Cuadernos de Lengua Española
Témata:
Tagy: Přidat tag
Žádné tagy, Buďte první, kdo vytvoří štítek k tomuto záznamu!

MARC

LEADER 00000nam a2200000 a 4500
001 UCJ2839
003 CL-VaPUC
008 070119e19960000SP |||||||||||||||||spa|d
020 |a 8476351844 
082 0 4 |a 465  |b FUE  |2 21 
100 0 |a Fuentes Rodríguez, Catalina  |e author  |9 503849 
245 1 3 |a La sintaxis de los relacionantes supraoracionales 
300 |a 79 p 
942 |c BK 
945 |d 20070119 00:00:00  |a jtorresc 
260 |a Madrid  |b Arco Libros  |c 1996 
500 |a Donación de la Dra. Marianne Peronard Thierry 
650 0 |a Gramática española  |9 403055 
650 0 |a Sintaxis  |9 318843 
650 0 |a Análisis del discurso  |9 256696 
650 0 |a Pragmática   |9 416307 
583 |a last modification  |c 20070119 00:00:00  |k Rodrigo Vera 
490 0 |a Cuadernos de Lengua Española 
999 |c 318968  |d 318966 
952 |0 0  |1 0  |4 0  |6 465_000000000000000_FUE_1996  |7 0  |8 A  |9 397187  |a FDOPOS  |b BIBEDU  |d 2019-11-22  |i 4316487  |l 1  |o 465 FUE 1996  |p 4316487  |r 2025-01-22  |s 2022-09-14  |w 2019-11-22  |y BK  |k MLA